Synthesis and characterization of secondary and ternary ammonium based protic ionic liquids for thermoelectrical cell /
محفوظ في:
| المؤلف الرئيسي: | |
|---|---|
| التنسيق: | أطروحة كتاب |
| اللغة: | English |
| منشور في: |
2016.
|
| الموضوعات: | |
| الوصول للمادة أونلاين: | http://studentsrepo.um.edu.my/12026/ |
| الوسوم: |
إضافة وسم
لا توجد وسوم, كن أول من يضع وسما على هذه التسجيلة!
|
| LEADER | 01548cam a2200361 i 4500 | ||
|---|---|---|---|
| 001 | u1038020 | ||
| 003 | SIRSI | ||
| 005 | 201509081114 | ||
| 005 | 201608151440 | ||
| 008 | 160815s2016 my a m 000 0 eng | ||
| 040 | |a UMM |d UMJ |d AUM |e rda | ||
| 090 | |a TA7 |b UM 2016 Sid | ||
| 097 | |a TA7 |b UM 2016 Sid | ||
| 100 | 1 | |a Siddique, Tawsif Ahmed, |e author. | |
| 245 | 1 | 0 | |a Synthesis and characterization of secondary and ternary ammonium based protic ionic liquids for thermoelectrical cell / |c Tawsif Ahmed Siddique. |
| 264 | 1 | |c 2016. | |
| 300 | |a xvi, 85 leaves : |b illustrations ; |c 30 cm. | ||
| 336 | |a text |2 rdacontent | ||
| 337 | |a unmediated |2 rdamedia | ||
| 338 | |a volume |2 rdacarrier | ||
| 502 | |b M.Eng.Sc. |c Jabatan Kejuruteraan Elektrik, Fakulti Kejuruteraan, Universiti Malaya |d 2016. | ||
| 504 | |a Bibliography: leaves 77-84. | ||
| 530 | |a Also issued in CD. | ||
| 650 | 0 | |a Ammonium ions. | |
| 650 | 0 | |a Thermoelectricity. | |
| 650 | 0 | |a Renewable energy sources. | |
| 710 | 2 | |a Universiti Malaya. |b Jabatan Kejuruteraan Elektrik, |e degree granting institution. | |
| 856 | 4 | 1 | |u http://studentsrepo.um.edu.my/12026/ |
| 900 | |a AIZ NSM AMA | ||
| 596 | |a 1 7 25 | ||
| 999 | |a TA7 UM 2016 SID |w LC |c 1 |i A516595907 |d 9/12/2016 |f 9/12/2016 |g 1 |l STACKS |m P01UTAMA |r Y |s Y |t TESIS |u 8/12/2016 |1 STEM | ||
| 999 | |a TA7 UM 2016 SID |w LC |c 1 |i A516719601 |d 31/3/2017 |f 31/3/2017 |g 1 |l STACKS |m P07JURUTER |r Y |s Y |t TESIS |u 31/3/2017 |1 STEM | ||
| 999 | |a TA7 UM 2016 SID |w LC |c 1 |i A516719615 |f 23/12/2020 |g 1 |l STACKS |m P25UMARCHI |r N |s Y |t CD |u 23/12/2020 |1 STEM |o .STAFF. MST-CD8085 | ||
